000
00218nam a2200109Ia 4500
100
_a
GAIKWAD/ NAIR
650
_a
English
942
_c
BK
245
_a
English
260
_b
S.Chand
_a
New Delhi
_c
2013
546
_a
ENGLISH
999
_c
21785
_d
21785